| 000 | 00332 a2200133 4500 | ||
|---|---|---|---|
| 001 | 33574 | ||
| 020 | _a812390939x | ||
| 082 | _a658.4034 HIL | ||
| 090 |
_c22346 _d22346 |
||
| 100 | _aHillier,F.S | ||
| 245 |
_aOperation research _cHillier F S |
||
| 260 |
_aNew Delhi _bCBS Publishers & Distributors _c2000 |
||
| 300 | _axi 800 p | ||
| 942 |
_aNUST-CAE _k658.4034 HIL |
||
| 999 |
_c268647 _d268647 |
||